|
|
|
|
| LEADER |
00000nam0a2200000 4500 |
| 001 |
355961 |
| 005 |
20231102010840.0 |
| 035 |
|
|
|a (RuTPU)RU\TPU\retro\13221
|
| 090 |
|
|
|a 355961
|
| 100 |
|
|
|a 20200714d1973 km y0rusy50 ca
|
| 101 |
0 |
|
|a rus
|
| 102 |
|
|
|a RU
|
| 105 |
|
|
|a a z 001zy
|
| 200 |
1 |
|
|a Психологические исследования
|h Вып. 4
|f под ред. А. Н. Леонтьева, А. Р. Лурия, Е. Д. Хомской
|
| 210 |
|
|
|a Москва
|c Изд-во Московского ун-та
|d 1973
|
| 215 |
|
|
|a 183 с.
|c ил.
|
| 320 |
|
|
|a Библиогр. в конце ст.
|
| 606 |
1 |
|
|a Психология общая
|2 stltpush
|3 (RuTPU)RU\TPU\subj\53137
|9 71487
|
| 610 |
1 |
|
|a психологические исследования
|
| 610 |
1 |
|
|a эмоциональные состояния
|
| 610 |
1 |
|
|a зрительные образы
|
| 610 |
1 |
|
|a психические процессы
|
| 610 |
1 |
|
|a речевое общение
|
| 610 |
1 |
|
|a ассоциативные процессы
|
| 610 |
1 |
|
|a психическая деятельность
|
| 686 |
|
|
|a Ю93
|v LBC/SL-A
|2 rubbk
|
| 702 |
|
1 |
|a Леонтьев
|b А. Н.
|4 340
|
| 702 |
|
1 |
|a Лурия
|b А. Р.
|4 340
|
| 702 |
|
1 |
|a Хомская
|b Е. Д.
|4 340
|
| 801 |
|
1 |
|a RU
|b 63413507
|c 20200714
|
| 801 |
|
2 |
|a RU
|b 63413507
|c 20210301
|g RCR
|
| 942 |
|
|
|c BK
|